Lógica dialéctica / (Record no. 34734)
[ view plain ]
| 000 -CABECERA | |
|---|---|
| campo de control de longitud fija | 00642nam a2200181 a 4500 |
| 001 - NÚMERO DE CONTROL | |
| campo de control | 000035243 |
| 005 - FECHA Y HORA DE LA ÚLTIMA TRANSACCIÓN | |
| campo de control | 20200930074212.0 |
| 008 - DATOS DE LONGITUD FIJA--INFORMACIÓN GENERAL | |
| campo de control de longitud fija | 111026s1966 mx 000 0 spa d |
| 040 ## - FUENTE DE LA CATALOGACIÓN | |
| Centro catalogador/agencia de origen | DO-SdBNP |
| Lengua de catalogación | spa |
| Centro/agencia transcriptor | BNPHU |
| 082 ## - NÚMERO DE LA CLASIFICACIÓN DECIMAL DEWEY | |
| Número de clasificación | xxx |
| Número de documento/Ítem | K83 |
| 100 1# - ENTRADA PRINCIPAL--NOMBRE DE PERSONA | |
| Nombre de persona | Kopnin, P. V |
| Forma completa/desarrollada del nombre | (Pavel Vasilʹevich) |
| 9 (RLIN) | 61003 |
| 240 10 - TÍTULO UNIFORME | |
| Título uniforme | Dialektika kak logika |
| Lenguaje de la obra | español |
| 245 10 - MENCIÓN DE TÍTULO | |
| Título | Lógica dialéctica / |
| Mención de responsabilidad, etc. | P. V. Kopnin ; versión al español Lydia Kuper de Velasco. |
| 260 ## - PUBLICACIÓN, DISTRIBUCIÓN, ETC. | |
| Lugar de publicación, distribución, etc. | México : |
| Nombre del editor, distribuidor, etc. | Grijalbo, |
| Fecha de publicación, distribución, etc. | 1966. |
| 300 ## - DESCRIPCIÓN FÍSICA | |
| Extensión | 562 p. ; |
| Dimensiones | 22 cm. |
| 590 ## - NOTA LOCAL (RLIN) | |
| Nota local | Perteneció a la biblioteca personal de Juan Isidro Jimenes Grullón. |
| 700 1# - PUNTO DE ACCESO ADICIONAL--NOMBRE DE PERSONA | |
| Nombre de persona | Kuper de Velasco, Lydia, |
| Término indicativo de función/relación | tr. |
| 9 (RLIN) | 60607 |
| Estado de retiro | Estado de pérdida | Restricciones de uso | No para préstamo | Código de colección | Localización permanente | Ubicación/localización actual | Ubicación en estantería | Fecha de adquisición | Número de inventario | Total de préstamos | Signatura topográfica completa | Código de barras | Fecha visto por última vez | Precio válido a partir de | Tipo de ítem Koha |
|---|---|---|---|---|---|---|---|---|---|---|---|---|---|---|---|
| Excluido de préstamo | Monografías: Libros y Folletos | General | General | Depósito | 26.10.2011 | LF1 | xxx K83 | 35243-10 | 25.06.2020 | 25.06.2020 | No se presta |
